Central Library OPAC University of Rajshahi

The Japanese marketing system : (Record no. 15946)

MARC details
000 -LEADER
fixed length control field 00792nam a2200265 4500
001 - CONTROL NUMBER
control field 15946
003 - CONTROL NUMBER IDENTIFIER
rucl marc code BD-RjUL
005 - DATE AND TIME OF LATEST TRANSACTION
control field 20211208235922.0
008 - FIXED-LENGTH DATA ELEMENTS--GENERAL INFORMATION
fixed length control field 140211s1971 maua bs 001 0 eng
020 ## - INTERNATIONAL STANDARD BOOK NUMBER
International Standard Book Number 0262240122
035 ## - SYSTEM CONTROL NUMBER
System control number (BD-RjUL)16001
040 ## - CATALOGING SOURCE
Original cataloging agency DLC
Transcribing agency DLC
Modifying agency DLC
-- BD-RjUL
Language of cataloging eng
041 ## - LANGUAGE CODE
Language code of text/sound track or separate title eng
082 00 - DEWEY DECIMAL CLASSIFICATION NUMBER
Classification number 381.0952
Author mark and year YOJ 1971
100 1# - MAIN ENTRY--PERSONAL NAME
Personal name Yoshino, M. Y.
Fuller form of name (Michael Y.)
9 (RLIN) 49412
245 14 - TITLE STATEMENT
Title The Japanese marketing system :
Remainder of title adaptations and innovations /
Statement of responsibility, etc. [by] M. Y. Yoshino.
260 ## - PUBLICATION, DISTRIBUTION, ETC. (IMPRINT)
Place of publication, distribution, etc. Cambridge :
Name of publisher, distributor, etc. MIT Press,
Date of publication, distribution, etc. c1971.
300 ## - PHYSICAL DESCRIPTION
Pagination xx, 319 p. :
Illustrations illus. ;
Size 24 cm.
350 ## - PRICE (NR) (BK AM CF MU VM SE) [OBSOLETE]
Price $12.50
504 ## - BIBLIOGRAPHY, ETC. NOTE
Bibliography, etc Includes bibliography (p. [301]-309) and index.
650 #0 - SUBJECT ADDED ENTRY--TOPICAL TERM
Topical term or geographic name as entry element Marketing
Geographic subdivision Japan.
9 (RLIN) 48829
942 ## - ADDED ENTRY ELEMENTS (KOHA)
Source of classification or shelving scheme Dewey Decimal Classification
Koha item type Books
Holdings
Lost status Source of classification or shelving scheme Damaged status Not for loan Collection code Permanent Location Current Location Shelving location Date acquired Source of acquisition Total Checkouts Full call number Date last seen Copy number Koha item type
  Dewey Decimal Classification   Not For Loan Non-fiction Central Library, University of Rajshahi Central Library, University of Rajshahi Reading Room 25/04/1979 Jaapan Foundation   381.0952 YOJ 1971 11/02/2014 C-1 Books